000
00294nam a2200097Ia 4500
008
160523s9999 xx 000 0 und d
245
_a
Moral Reasoning at Work
245
_c
Author: Kvalnes, Øyvind
260
_c
2015
856
_u
http://www.palgraveconnect.com/pc/doifinder/10.1057/9781137532619
999
_c
294832
_d
294832